Top 2000 Titel Quiz - Statistieken

Algemene statistieken
  • Deze quiz is 45 keer genomen
  • De gemiddelde score is 9 van 33
Antwoordstatistieken
Jaar & Tekst Songtitle % Correct
1987 - Oost-Berlijn, Unter Den Linden Over De Muur
68%
1975 - Scaramouche, Scaramouche, will you do the Fandango? Bohemian Rhapsody
61%
1991 - That's me in the corner. That's me in the spotlight. Losing My Religion
55%
1995 - As I walk through the valley of the shadow of death Gangsta's Paradise
50%
2008 - I used to rule the world. Seas would rise when I gave the word Viva La Vida
47%
1983 - Hast du etwas Zeit für mich? 99 Luftballons
45%
1993 - I wish I was special, you're so f****ng special. Creep
42%
2018 - I'm off the deep end, watch as I dive in Shallow
39%
1995 - And all the roads we have to walk are winding Wonderwall
39%
1992 - Would you know my name if I saw you in heaven? Tears In Heaven
34%
1997 - I sit and wait, does an angel contemplate my faith? Angels
32%
1983 - Je zegt ik ben vrij, maar jij bedoelt: ik ben zo eenzaam Geef Mij Je Angst
32%
1978 - You get a shiver in de dark. It's raining in the park Sultans Of Swing
32%
1977 - We could steal time, just for one day Heroes
26%
1990 - It's been seven hours and fifteen days Nothing Compares To You
26%
1984 - I never meant to cause you any sorrow Purple Rain
26%
1972 - C'est un beau roman. C'est une belle histoire Une Belle Histoire
26%
1987 - See the stone set in your eyes With or Without You
26%
1984 - Take a look at me now, well, there's such an empty space Against All Odds
24%
1967 - As the snow flies, on a cold and gray Chicago morning In The Ghetto
24%
1986 - The Mississippi Delta was shining like a national guitar Graceland
21%
1975 - 'Cause tramps like us! Born To Run
18%
1995 - Your job's a joke. You're broke. Your love life's DOA! I'll Be There For You
18%
1985 - Welcome to your life. There's no turning back Everybody WantsTo Rule The World
16%
1985 - Dokter, kunt u even komen, breng uw beste medicijn Groot Hart
16%
1983 - You could never know what it's like I'm Still Standing
16%
1998- Houdt hij je vast als je soms bang bent? Kent hij je angst en je verdriet? Lopen Tot De Zon Komt
13%
1979 - I would say I'm sorry if I thought that it would change your mind Boys Don't Cry
11%
1984 - Let's dance in style. Let's dance for a while Forever Young
11%
2008 - Remember those walls I built? Halo
11%
1986 - End of passion play, crumbling away Master Of Puppets
11%
2009 - Yeah, I'm out that Brooklyn, now I'm down in Tribeca Empire State Of Mind
8%
1990 - These are the days of the open hand Praying For Time
5%
Geen overeenkomende quizzen gevonden
Scoreverdeling
Procent van Mensen met Elke Score
Percentiel versus Aantal Correcte Antwoorden
Uw Scoregeschiedenis
U heeft deze quiz nog niet genomen